000 00834nam a2200229 a 4500
001 71214
003 BD-RjUL
005 20211209082105.0
008 170429s1990 bg a|||| |||| 00| 0 ben d
035 _a(BD-RjUL)71429
040 _aBD-RjUL
_bben
_cBD-RjUL
041 _aben
082 _223
_a657
_bSEU 1990
100 _aসেন, দিলীপকুমার
_9210692
245 _aউচ্চতর হিসাববিজ্ঞান পরিচিতি /
_cদিলীপকুমার সেন
260 _aঢাকা :
_bবাংলা একাডেমী,
_c১৯৯০
300 _aখন্ড. :
_bচিত্র ;
_c২৩ সেমি.
505 _aখন্ড-১--১ম ভাগ
650 _a হিসাববিজ্ঞান
_9210693
650 _aAccounting
_9210694
942 _2ddc
_cBK
999 _c71214
_d71214